Banner

Metodología de la investigación : (Record no. 1560)

MARC details
000 -LEADER
campo de control de longitud fija 01105cam a2200277 a 4500
001 - NÚMERO DE CONTROL
campo de control 723721
003 - IDENTIFICADOR DE NÚMERO DE CONTROL
campo de control CoMeUDC
005 - FECHA Y HORA DE LA ÚLTIMA TRANSACCIÓN
campo de control 20220601171215.0
008 - DATOS DE LONGITUD FIJA--INFORMACIÓN GENERAL
campo de control de longitud fija 980326s1997 mx r 00010 spa d
020 ## - NÚMERO INTERNACIONAL ESTÁNDAR DEL LIBRO
Número Internacional Estándar del Libro 968768156X
035 ## - NÚMERO DE CONTROL DEL SISTEMA
Número de control de sistema AGE8655 LA
040 ## - FUENTE DE CATALOGACIÓN
Centro catalogador/agencia de origen la
Centro/agencia transcriptor CO-UdeC
041 0# - CÓDIGO DE IDIOMA
Código de lengua del texto/banda sonora o título independiente spa
082 04 - NÚMERO DE LA CLASIFICACIÓN DECIMAL DEWEY
Número de clasificación 001.42
Número de ítem E98
100 1# - ENTRADA PRINCIPAL--NOMBRE DE PERSONA
Nombre de persona Eyssautier De la Mora, Maurice.
245 10 - MENCIÓN DEL TÍTULO
Título Metodología de la investigación :
Resto del título desarrollo de la inteligencia /
Mención de responsabilidad, etc. Maurice Eyssautier De la Mora.
250 ## - MENCION DE EDICION
Mención de edición Tercera edición.
260 ## - PUBLICACIÓN, DISTRIBUCIÓN, ETC.
Lugar de publicación, distribución, etc. México :
Nombre del editor, distribuidor, etc. ECAFSA,
Fecha de publicación, distribución, etc. 2000.
300 ## - DESCRIPCIÓN FÍSICA
Extensión 302 p. ;
Dimensiones 24 cm.
Otras características físicas tablas, gráficos,
504 ## - NOTA DE BIBLIOGRAFÍA, ETC.
Nota de bibliografía, etc. Nota Incluye bibliografía.
505 ## - NOTA DE CONTENIDO CON FORMATO
Nota de contenido con formato Metódica intelectual -- Enfoques filosóficos del conocimiento científico -- La investigación y el inicio -- Recopilación de datos y metodología científica -- Tratamiento y procesamiento de datos, interpretación y presentación de trabajos de investigación -- Glosario -- Bibliografía complementaria
546 ## - NOTA DE IDIOMA
Nota de lengua/lenguaje Español.
650 #0 - PUNTO DE ACCESO ADICIONAL DE MATERIA--TÉRMINO DE MATERIA
Término de materia o nombre geográfico como elemento de entrada Metodología investigación
9 (RLIN) 4
650 #0 - PUNTO DE ACCESO ADICIONAL DE MATERIA--TÉRMINO DE MATERIA
Término de materia o nombre geográfico como elemento de entrada Investigación.
9 (RLIN) 1275
942 ## - ELEMENTOS DE ENTRADA SECUNDARIOS (KOHA)
Fuente del sistema de clasificación o colocación Clasificación Decimal Dewey
Tipo de ítem Koha Libros
Holdings
Estatus retirado Estado de pérdida Fuente del sistema de clasificación o colocación Estado de daño No para préstamo Colección Biblioteca de origen Biblioteca actual Fecha de adquisición Fuente de adquisición Signatura topográfica completa Código de barras Visto por última vez Copia número Precio de reemplazo Tipo de ítem Koha
    Clasificación Decimal Dewey   No para préstamo Colección general U DE COLOMBIA - Biblioteca U DE COLOMBIA - Biblioteca 01/06/2022 Donación 001.42 E98 100378 01/06/2022 1 01/06/2022 Libros


Biblioteca Académica Corporación Universitaria U DE COLOMBIA | Teléfono: +(57) (4) 2398080 ext. 1112 | E-mail: biblioteca@udecolombia.edu.co | Dirección: Calle 56 Nº 41 – 147 (Bolivia con Girardot)
Horario de atención: lunes a viernes 8:00 a.m. a 8:00 p.m. - sábados 8:00 a.m. a 4:00 p.m.
Implementado por Grupo EGS.

Powered by Koha